Marketing management / (Record no. 5777)

MARC details
000 -LEADER
fixed length control field 00582nac a22001811u 4500
020 ## - INTERNATIONAL STANDARD BOOK NUMBER
International Standard Book Number 0852975708
082 ## - DEWEY DECIMAL CLASSIFICATION NUMBER
Classification number 658.8
Item number MEE
090 ## - LOCALLY ASSIGNED LC-TYPE CALL NUMBER (OCLC); LOCAL CALL NUMBER (OCLC)
-- 5777
-- 5777
100 ## - MAIN ENTRY--PERSONAL NAME
Personal name Meek, Helen.
245 ## - TITLE STATEMENT
Title Marketing management /
Statement of responsibility, etc Helen Meek & Richard Meek.
260 ## - PUBLICATION, DISTRIBUTION, ETC. (IMPRINT)
Place of publication, distribution, etc Canterbury :
Name of publisher, distributor, etc Institute of Financial Services, 2001.
Date of publication, distribution, etc 2001
300 ## - PHYSICAL DESCRIPTION
Extent viii, 390 p. ;
Dimensions 25 cm.
500 ## - GENERAL NOTE
General note distributer: Al-Ahram
511 ## - PARTICIPANT OR PERFORMER NOTE
Participant or performer note catalogued by: wessam
650 ## - SUBJECT ADDED ENTRY--TOPICAL TERM
Topical term or geographic name as entry element marketing
General subdivision management
700 ## - ADDED ENTRY--PERSONAL NAME
Personal name Meek, R. M.
Fuller form of name (Richard M.)
942 ## - ADDED ENTRY ELEMENTS (KOHA)
Item type Book - Borrowing
Call number prefix 658.8MEE
Holdings
Withdrawn status Item status Damaged status Not for loan Home library Current library Shelving location Date acquired Source of acquisition Total Checkouts Full call number Barcode Date last seen Date last borrowed Koha item type
        Central Library Central Library First floor 05/11/2007 Purchase 1 658.8MEE 000007180 15/07/2025 23/11/2015 Book - Borrowing